[Event "Asian Academies Hybrid Chess-ch"]
[Site "Tornelo INT"]
[Date "2021.11.27"]
[Round "7.4"]
[White "Noshin, Anjum"]
[Black "Gholizadeh, Romina"]
[Result "1-0"]
[WhiteElo "2069"]
[BlackElo "1254"]
[PlyCount "79"]
[EventDate "2021.11.21"]
[EventType "team-tourn"]
[EventRounds "7"]
[EventCountry "NET"]
[SourceTitle "EXT 2023"]
[Source "ChessBase"]
[SourceDate "2022.10.05"]
[SourceVersion "1"]
[SourceVersionDate "2022.10.05"]
[SourceQuality "1"]
[WhiteTeam "Elegant Int CA"]
[BlackTeam "Pishgam Novin"]
[WhiteTeamCountry "BAN"]
[BlackTeamCountry "IRI"]

1. e4 e6 2. d4 d5 3. Nc3 Nf6 4. e5 Nfd7 5. f4 c5 6. Nf3 Nc6 7. Be3 Qb6 8. Na4 Qa5+ 9. c3 cxd4 10. b4 Qc7 11. Nxd4 Nxd4 12. Bxd4 g6 13. Bb5 Bg7 14. Bc5 Bf8 15. Bxf8 Kxf8 16. Qd4 a5 17. Bxd7 Bxd7 18. Nb6 Ra6 19. Qc5+ Qxc5 20. Nxd7+ Ke7 21. Nxc5 Rc6 22. 0-0 axb4 23. cxb4 b6 24. Na4 Ra8 25. b5 Rc2 26. Nxb6 Rb8 27. Rfc1 Rxc1+ 28. Rxc1 Rxb6 29. a4 Kd8 30. Rc5 Rb7 31. a5 Rc7 32. Rxc7 Kxc7 33. Kf2 Kb7 34. Ke3 h6 35. h4 Kb8 36. Kd4 Kb7 37. Kc5 h5 38. b6 Kb8 39. a6 Kc8 40. Kc6 1-0

[Event "Asia Club-ch Hybrid"]
[Site "Tornelo INT"]
[Date "2021.11.06"]
[Round "4.6"]
[White "Gholizadeh, Romina"]
[Black "Dharanipragada, Mahima"]
[Result "1-0"]
[WhiteElo "1254"]
[BlackElo "1141"]
[PlyCount "91"]
[EventDate "2021.11.03"]
[EventType "team-swiss"]
[EventRounds "9"]
[EventCountry "NET"]
[SourceTitle "CBM 205 Extra"]
[Source "ChessBase"]
[SourceDate "2022.01.31"]
[SourceVersion "1"]
[SourceVersionDate "2022.01.31"]
[SourceQuality "1"]
[WhiteTeam "Pishgam Novin"]
[BlackTeam "Lion City Meetup"]
[WhiteTeamCountry "IRI"]
[BlackTeamCountry "SIN"]

1. d4 Nf6 2. Nf3 d5 3. e3 Bf5 4. c4 c6 5. cxd5 cxd5 6. Nc3 e6 7. Ne5 a6 8. Qb3 Qc7 9. Bd2 Bd6 10. Rc1 Qe7 11. Na4 Nbd7 12. Qxb7 0-0 13. Nc6 Qe8 14. Bb4 Bxb4+ 15. Qxb4 Kh8 16. Be2 e5 17. dxe5 Nxe5 18. Nxe5 Qxe5 19. 0-0 Be4 20. f3 Bf5 21. Qc3 Qe6 22. Nc5 Qe7 23. Nxa6 Rac8 24. Qd2 Rcd8 25. Bb5 Qe5 26. Rc5 Rc8 27. Rfc1 g5 28. e4 Bg4 29. fxg4 Nxg4 30. Qc3 d4 31. Qg3 Qe6 32. Rxc8 Rxc8 33. Rxc8+ Qxc8 34. Qb8 Qxb8 35. Nxb8 Ne5 36. Nc6 Nxc6 37. Bxc6 d3 38. Kf2 Kg7 39. a4 Kf6 40. a5 Ke5 41. a6 Kd4 42. a7 Kc4 43. a8Q Kb3 44. Qa3+ Kc2 45. Qc3+ Kd1 46. Ba4# 1-0

[Event "Eastern Asia-ch U12 Girls"]
[Site "Tornelo INT"]
[Date "2021.10.22"]
[Round "2"]
[White "Theephigaa, KP."]
[Black "Gholizadeh, Romina"]
[Result "1-0"]
[WhiteElo "1020"]
[BlackElo "1324"]
[PlyCount "73"]
[EventDate "2021.10.22"]
[EventType "swiss"]
[EventRounds "9"]
[EventCountry "NET"]
[SourceTitle "EXT 2023"]
[Source "ChessBase"]
[SourceDate "2022.10.05"]
[SourceVersion "1"]
[SourceVersionDate "2022.10.05"]
[SourceQuality "1"]

1. e4 e6 2. d4 d5 3. Nc3 Nf6 4. Bg5 Bb4 5. e5 h6 6. exf6 hxg5 7. fxg7 Rg8 8. Qh5 Qf6 9. Nf3 g4 10. Qxg4 Rxg7 11. Qh4 Qxh4 12. Nxh4 Nc6 13. Nf3 Rg4 14. 0-0-0 Bd7 15. h3 Rg7 16. h4 0-0-0 17. h5 Rh8 18. g3 f6 19. Bd3 Be8 20. h6 Rgg8 21. Ne2 f5 22. Nf4 Kd7 23. Rh3 Bf8 24. Rdh1 Ne7 25. Ne5+ Kd6 26. c4 c5 27. cxd5 cxd4 28. Nc4+ Kc7 29. d6+ Kd7 30. dxe7 Bxe7 31. Ne5+ Kd6 32. Nc4+ Kd7 33. h7 Rg7 34. Na5 b6 35. Bb5+ Kd6 36. Nc4+ Kc5 37. Nxe6+ 1-0

[Event "IRI-ch U12 Girls"]
[Site "Chess.com INT"]
[Date "2021.01.16"]
[Round "6"]
[White "Derakhshani, Diyana"]
[Black "Gholizadeh, Romina"]
[Result "0-1"]
[WhiteElo "1105"]
[BlackElo "1254"]
[PlyCount "76"]
[EventDate "2021.01.16"]
[EventType "swiss"]
[EventRounds "9"]
[EventCountry "IRI"]
[SourceTitle "EXT 2022"]
[Source "ChessBase"]
[SourceDate "2021.10.06"]
[SourceVersion "1"]
[SourceVersionDate "2021.10.06"]
[SourceQuality "1"]

1. e4 c5 2. Nf3 d6 3. d4 cxd4 4. Nxd4 Nf6 5. Nc3 Nc6 6. Be3 g6 7. f3 Bg7 8. Qd2 Bd7 9. 0-0-0 0-0 10. Be2 a5 11. g4 a4 12. Bh6 Nxd4 13. Bxg7 Nxe2+ 14. Qxe2 Kxg7 15. e5 dxe5 16. Qxe5 Qa5 17. Qxe7 a3 18. b4 Qg5+ 19. Kb1 Rfe8 20. Qc5 Qxc5 21. bxc5 Bc6 22. Rhf1 Re3 23. g5 Nh5 24. f4 Rxc3 25. f5 Be4 26. f6+ Kf8 27. Rf2 Rxc5 28. Re1 Bc6 29. Re7 Rxg5 30. c3 Nxf6 31. Rxf6 Kxe7 32. Rf4 Rg2 33. h3 Rd8 34. Rf1 Rdd2 35. Re1+ Rge2 36. Rg1 Be4+ 37. Kc1 Rxa2 38. Rd1 Ra1# 0-1